[Event "Bundesliga 0102"]
[Site "Deutschland"]
[Date "2002.02.23"]
[Round "8.6"]
[White "Lindner, Arnd"]
[Black "Schmittdiel, Eckhard"]
[Result "1/2-1/2"]
[WhiteElo "2120"]
[BlackElo "2490"]
[PlyCount "68"]
[EventDate "2001.10.06"]
[EventType "team"]
[EventRounds "15"]
[EventCountry "GER"]
[SourceTitle "Bundesliga 0102"]
[Source "DeepChess"]
[SourceDate "2005.01.01"]
[SourceVersion "1"]
[SourceVersionDate "2005.01.01"]
[SourceQuality "1"]
[WhiteTeam "SGEM Heiligenhaus 1937 e. V."]
[BlackTeam "Stuttgarter SF 1879"]
[WhiteTeamCountry "GER"]
[BlackTeamCountry "GER"]

1. Nf3 c5 2. c4 Nc6 3. Nc3 g6 4. e3 Bg7 5. d4 Nf6 6. Be2 O-O 7. O-O cxd4 8.
exd4 d5 9. h3 b6 10. b3 Bb7 11. Be3 Rc8 12. Rc1 dxc4 13. bxc4 Na5 14. Nb5 a6
15. Na3 Ne4 16. Qd3 Qd6 17. Rfd1 Rfd8 18. Nd2 f5 19. Nab1 e5 20. d5 Nc5 21. Qa3
e4 22. Nc3 Bf8 23. Qb2 Rb8 24. Nb3 Naxb3 25. axb3 Bg7 26. Qa3 Bxc3 27. Rxc3 f4
28. Bd4 a5 29. Bg4 Bc8 30. Bxc5 bxc5 31. Bxc8 Rbxc8 32. Qxa5 Ra8 33. Qb5 Rab8
34. Qa5 Ra8 1/2-1/2

[Event "Bundesliga 0102"]
[Site "Deutschland"]
[Date "2002.02.23"]
[Round "8.7"]
[White "Duppel, Matthias"]
[Black "Heller, Achim"]
[Result "1-0"]
[WhiteElo "2455"]
[BlackElo "2027"]
[PlyCount "45"]
[EventDate "2001.10.06"]
[EventType "team"]
[EventRounds "15"]
[EventCountry "GER"]
[SourceTitle "Bundesliga 0102"]
[Source "DeepChess"]
[SourceDate "2005.01.01"]
[SourceVersion "1"]
[SourceVersionDate "2005.01.01"]
[SourceQuality "1"]
[WhiteTeam "Stuttgarter SF 1879"]
[BlackTeam "SGEM Heiligenhaus 1937 e. V."]
[WhiteTeamCountry "GER"]
[BlackTeamCountry "GER"]

1. e4 c6 2. d4 d5 3. e5 Bf5 4. Nf3 e6 5. Be2 c5 6. Be3 Qb6 7. Nc3 Qxb2 8. Nb5
Na6 9. dxc5 Bxc2 10. Qc1 Qxc1+ 11. Rxc1 Ba4 12. Nd6+ Bxd6 13. cxd6 Nb4 14. Rc7
Nc2+ 15. Kd2 Nxe3 16. fxe3 Bd7 17. Rxb7 f6 18. Rc1 fxe5 19. Nxe5 Nf6 20. Nxd7
Ne4+ 21. Ke1 Nxd6 22. Rbc7 Rd8 23. Nc5 1-0

[Event "Bundesliga 0102"]
[Site "Deutschland"]
[Date "2002.02.23"]
[Round "8.8"]
[White "Perschke, Ulrich"]
[Black "Zeller, Frank"]
[Result "0-1"]
[WhiteElo "2216"]
[BlackElo "2442"]
[PlyCount "58"]
[EventDate "2001.10.06"]
[EventType "team"]
[EventRounds "15"]
[EventCountry "GER"]
[SourceTitle "Bundesliga 0102"]
[Source "DeepChess"]
[SourceDate "2005.01.01"]
[SourceVersion "1"]
[SourceVersionDate "2005.01.01"]
[SourceQuality "1"]
[WhiteTeam "SGEM Heiligenhaus 1937 e. V."]
[BlackTeam "Stuttgarter SF 1879"]
[WhiteTeamCountry "GER"]
[BlackTeamCountry "GER"]

1. c4 Nf6 2. Nc3 c5 3. e3 e6 4. d4 d5 5. cxd5 exd5 6. dxc5 Bxc5 7. Nf3 O-O 8.
Bd3 Nc6 9. O-O Bg4 10. h3 Bh5 11. b3 a6 12. Bb2 Qd6 13. Ne2 Bxf3 14. gxf3 Nh5
15. f4 Rfe8 16. Rc1 Ba7 17. Bb1 d4 18. Nxd4 Bxd4 19. Bxh7+ Kxh7 20. Qxh5+ Kg8
21. exd4 Qxf4 22. Rcd1 Re6 23. Rd3 Rg6+ 24. Kh1 Nb4 25. Qf3 Nxd3 26. Qxd3 Rd8
27. Rg1 Qxf2 28. Rxg6 fxg6 29. Bc3 Re8 0-1

[Event "Bundesliga 0102"]
[Site "Deutschland"]
[Date "2002.02.24"]
[Round "9.3"]
[White "Paehtz, Thomas Sr"]
[Black "Ftacnik, Lubomir"]
[Result "0-1"]
[WhiteElo "2451"]
[BlackElo "2580"]
[PlyCount "57"]
[EventDate "2001.10.06"]
[EventType "team"]
[EventRounds "15"]
[EventCountry "GER"]
[SourceTitle "Bundesliga 0102"]
[Source "DeepChess"]
[SourceDate "2005.01.01"]
[SourceVersion "1"]
[SourceVersionDate "2005.01.01"]
[SourceQuality "1"]
[WhiteTeam "Erfurter SK"]
[BlackTeam "Hamburger SK 1830 e.V."]
[WhiteTeamCountry "GER"]
[BlackTeamCountry "GER"]

1. e4 c5 2. Nf3 d6 3. d4 cxd4 4. Nxd4 Nf6 5. Nc3 a6 6. Be3 e6 7. f3 b5 8. Qd2
Nbd7 9. O-O-O Bb7 10. g4 Nb6 11. Qf2 Nfd7 12. e5 dxe5 13. Ndxb5 axb5 14. Bxb5
Nd5 15. Nxd5 exd5 16. Bb6 Qf6 17. Rhe1 Bc6 18. Bc7 Bxb5 19. Bxe5 Nxe5 20. Rxe5+
Be7 21. Rxe7+ Kxe7 22. Qc5+ Qd6 23. Re1+ Kd7 24. Qxb5+ Kc7 25. Re3 Rhb8 26. Qe2
Rxa2 27. Re7+ Kc6 28. Qe3 Ra1+ 29. Kd2 0-1

[Event "Bundesliga 0102"]
[Site "Deutschland"]
[Date "2002.02.24"]
[Round "9.4"]
[White "Gustafsson, Jan"]
[Black "Fontaine, Robert"]
[Result "1-0"]
[WhiteElo "2535"]
[BlackElo "2452"]
[PlyCount "85"]
[EventDate "2001.10.06"]
[EventType "team"]
[EventRounds "15"]
[EventCountry "GER"]
[SourceTitle "Bundesliga 0102"]
[Source "DeepChess"]
[SourceDate "2005.01.01"]
[SourceVersion "1"]
[SourceVersionDate "2005.01.01"]
[SourceQuality "1"]
[WhiteTeam "Hamburger SK 1830 e.V."]
[BlackTeam "Erfurter SK"]
[WhiteTeamCountry "GER"]
[BlackTeamCountry "GER"]

1. d4 Nf6 2. c4 e6 3. Nf3 b6 4. Nc3 Bb4 5. Qb3 Bxc3+ 6. Qxc3 Bb7 7. g3 d6 8.
Bg2 Nbd7 9. O-O O-O 10. b3 Qe7 11. Bb2 Ne4 12. Qc2 f5 13. Rad1 Rae8 14. Nh4 g5
15. Nf3 h5 16. Bc1 Ba8 17. d5 exd5 18. cxd5 h4 19. Nd4 Bxd5 20. f3 hxg3 21.
fxe4 gxh2+ 22. Kh1 Bxe4 23. Bxe4 Qxe4+ 24. Qxe4 Rxe4 25. Bxg5 f4 26. Rf2 Rf7
27. Nf3 Rg7 28. Rxh2 Ne5 29. Bf6 Ng4 30. Bxg7 Nxh2 31. Nxh2 Kxg7 32. Rd2 Kf6
33. Kg2 Ke6 34. Nf3 Re3 35. Nd4+ Ke5 36. Kf2 c5 37. Nc6+ Ke6 38. Nxa7 d5 39.
Nb5 d4 40. Nxd4+ cxd4 41. Rxd4 Kf5 42. Rd6 b5 43. Rd5+ 1-0

[Event "Bundesliga 0102"]
[Site "Deutschland"]
[Date "2002.02.24"]
[Round "9.5"]
[White "Mueller, Matthias"]
[Black "Berg, Emanuel"]
[Result "1-0"]
[WhiteElo "2402"]
[BlackElo "2496"]
[PlyCount "81"]
[EventDate "2001.10.06"]
[EventType "team"]
[EventRounds "15"]
[EventCountry "GER"]
[SourceTitle "Bundesliga 0102"]
[Source "DeepChess"]
[SourceDate "2005.01.01"]
[SourceVersion "1"]
[SourceVersionDate "2005.01.01"]
[SourceQuality "1"]
[WhiteTeam "Erfurter SK"]
[BlackTeam "Hamburger SK 1830 e.V."]
[WhiteTeamCountry "GER"]
[BlackTeamCountry "GER"]

1. e4 e6 2. d4 d5 3. Nc3 Bb4 4. e5 c5 5. a3 Bxc3+ 6. bxc3 Qc7 7. Nf3 b6 8. a4
Ba6 9. Bxa6 Nxa6 10. Qe2 Nb8 11. a5 bxa5 12. O-O Ne7 13. Ba3 Nd7 14. dxc5 Nc6
15. Nd4 Qxe5 16. Qa6 Nxd4 17. cxd4 Qc7 18. Rfb1 Rb8 19. c6 Nb6 20. Qxa5 Qxc6
21. Qxa7 Rb7 22. Qa6 Kd7 23. Qd3 Nc4 24. Bb4 Qc7 25. Qf3 f5 26. Qh5 Nd6 27. c3
Ra7 28. Qg5 Kc6 29. Qe3 Kd7 30. Rxa7 Qxa7 31. Qe5 Ne8 32. h3 Qc7 33. Qe3 h6 34.
Re1 Qc6 35. Qg3 g5 36. Qb8 Qc7 37. Qa8 Rg8 38. Ba5 Qc8 39. Qa7+ Nc7 40. Rb1 Rg7
41. Rb8 1-0

[Event "Bundesliga 0102"]
[Site "Deutschland"]
[Date "2002.02.24"]
[Round "9.6"]
[White "Wahls, Matthias"]
[Black "Votava, Jan"]
[Result "0-1"]
[WhiteElo "2580"]
[BlackElo "2509"]
[PlyCount "94"]
[EventDate "2001.10.06"]
[EventType "team"]
[EventRounds "15"]
[EventCountry "GER"]
[SourceTitle "Bundesliga 0102"]
[Source "DeepChess"]
[SourceDate "2005.01.01"]
[SourceVersion "1"]
[SourceVersionDate "2005.01.01"]
[SourceQuality "1"]
[WhiteTeam "Hamburger SK 1830 e.V."]
[BlackTeam "Erfurter SK"]
[WhiteTeamCountry "GER"]
[BlackTeamCountry "GER"]

1. c4 c5 2. Nf3 Nf6 3. b3 g6 4. Bb2 Bg7 5. e3 O-O 6. Be2 b6 7. a3 Bb7 8. d3 d5
9. cxd5 Nxd5 10. Bxg7 Kxg7 11. Qd2 Nc6 12. Nc3 e5 13. O-O Nf6 14. Qb2 Qe7 15.
Rab1 Rac8 16. Rfc1 Nb8 17. b4 Nbd7 18. Nd2 Rfd8 19. Nc4 Ne8 20. b5 Nd6 21. Nxd6
Qxd6 22. a4 f5 23. a5 Nf6 24. Ra1 Rc7 25. Nb1 Rcd7 26. Nd2 Bd5 27. Ra4 Qe6 28.
h3 h5 29. Rca1 Kh6 30. axb6 axb6 31. Ra6 Bb7 32. Nc4 Bxa6 33. Rxa6 Nd5 34. Nxe5
Qf6 35. e4 fxe4 36. dxe4 Re7 37. exd5 Qxe5 38. Qd2+ Kg7 39. Bf3 Rd6 40. Ra8
Qe1+ 41. Qxe1 Rxe1+ 42. Kh2 Rb1 43. Kg3 Rf6 44. Rd8 Rxb5 45. d6 Rb3 46. Kh2 Rd3
47. d7 Rf8 0-1

[Event "Bundesliga 0102"]
[Site "Deutschland"]
[Date "2002.02.24"]
[Round "9.7"]
[White "Casper, Thomas"]
[Black "Mueller, Karsten"]
[Result "1/2-1/2"]
[WhiteElo "2409"]
[BlackElo "2503"]
[PlyCount "42"]
[EventDate "2001.10.06"]
[EventType "team"]
[EventRounds "15"]
[EventCountry "GER"]
[SourceTitle "Bundesliga 0102"]
[Source "DeepChess"]
[SourceDate "2005.01.01"]
[SourceVersion "1"]
[SourceVersionDate "2005.01.01"]
[SourceQuality "1"]
[WhiteTeam "Erfurter SK"]
[BlackTeam "Hamburger SK 1830 e.V."]
[WhiteTeamCountry "GER"]
[BlackTeamCountry "GER"]

1. e4 d5 2. exd5 Qxd5 3. Nc3 Qa5 4. g3 Nf6 5. Bg2 Bg4 6. Nge2 c6 7. h3 Bh5 8.
b4 Qc7 9. Rb1 e6 10. b5 Be7 11. O-O O-O 12. d3 Nd5 13. Qd2 Nd7 14. bxc6 bxc6
15. Nxd5 exd5 16. Nf4 Bg6 17. Nxg6 hxg6 18. c4 Nf6 19. Bb2 Rfd8 20. Qe3 Rd7 21.
Bxf6 Bxf6 1/2-1/2

[Event "Bundesliga 0102"]
[Site "Deutschland"]
[Date "2002.02.24"]
[Round "9.8"]
[White "Reeh, Oliver"]
[Black "Paehtz, Elisabeth"]
[Result "1/2-1/2"]
[WhiteElo "2416"]
[BlackElo "2390"]
[PlyCount "50"]
[EventDate "2001.10.06"]
[EventType "team"]
[EventRounds "15"]
[EventCountry "GER"]
[SourceTitle "Bundesliga 0102"]
[Source "DeepChess"]
[SourceDate "2005.01.01"]
[SourceVersion "1"]
[SourceVersionDate "2005.01.01"]
[SourceQuality "1"]
[WhiteTeam "Hamburger SK 1830 e.V."]
[BlackTeam "Erfurter SK"]
[WhiteTeamCountry "GER"]
[BlackTeamCountry "GER"]

1. e4 c5 2. Nc3 Nc6 3. Nf3 e6 4. Bb5 Nge7 5. O-O a6 6. Bxc6 Nxc6 7. b3 Qc7 8.
Bb2 Bd6 9. Ne2 O-O 10. d4 cxd4 11. Nexd4 f6 12. Nxc6 bxc6 13. Qd3 Be7 14. c4 c5
15. Rad1 Qd8 16. Nd2 Bb7 17. Nb1 Bc6 18. Nc3 Qe8 19. Qg3 Qf7 20. Rfe1 Rab8 21.
Bc1 Rbe8 22. f3 Qh5 23. Bb2 Qh6 24. Bc1 Qh5 25. Bb2 Qh6 1/2-1/2

[Event "Bundesliga 0102"]
[Site "Deutschland"]
[Date "2002.02.24"]
[Round "9.1"]
[White "Stohl, Igor"]
[Black "Dautov, Rustem"]
[Result "1/2-1/2"]
[WhiteElo "2533"]
[BlackElo "2630"]
[PlyCount "27"]
[EventDate "2001.10.06"]
[EventType "team"]
[EventRounds "15"]
[EventCountry "GER"]
[SourceTitle "Bundesliga 0102"]
[Source "DeepChess"]
[SourceDate "2005.01.01"]
[SourceVersion "1"]
[SourceVersionDate "2005.01.01"]
[SourceQuality "1"]
[WhiteTeam "SF Neukoelln 03 e.V."]
[BlackTeam "Godesberger SK 1929"]
[WhiteTeamCountry "GER"]
[BlackTeamCountry "GER"]

1. d4 d5 2. c4 c6 3. Nc3 Nf6 4. Nf3 a6 5. c5 Bf5 6. Bf4 Nbd7 7. h3 e6 8. e3 Be7
9. Bd3 Bxd3 10. Qxd3 b6 11. b4 a5 12. b5 Rc8 13. cxb6 Qxb6 14. O-O 1/2-1/2

[Event "Bundesliga 0102"]
[Site "Deutschland"]
[Date "2002.02.24"]
[Round "9.3"]
[White "Berndt, Stephan"]
[Black "Kengis, Edvins"]
[Result "1/2-1/2"]
[WhiteElo "2479"]
[BlackElo "2572"]
[PlyCount "97"]
[EventDate "2001.10.06"]
[EventType "team"]
[EventRounds "15"]
[EventCountry "GER"]
[SourceTitle "Bundesliga 0102"]
[Source "DeepChess"]
[SourceDate "2005.01.01"]
[SourceVersion "1"]
[SourceVersionDate "2005.01.01"]
[SourceQuality "1"]
[WhiteTeam "SF Neukoelln 03 e.V."]
[BlackTeam "Godesberger SK 1929"]
[WhiteTeamCountry "GER"]
[BlackTeamCountry "GER"]

1. e4 c5 2. Nf3 e6 3. d4 cxd4 4. Nxd4 a6 5. Nc3 b5 6. Bd3 Qb6 7. Nb3 Qc7 8. Be3
Bb7 9. O-O d6 10. f4 Nd7 11. f5 e5 12. a4 b4 13. Na2 d5 14. exd5 Ngf6 15. c4
bxc3 16. Nxc3 Bb4 17. Rc1 Qb8 18. Bc4 O-O 19. Na2 Qd6 20. a5 Rfc8 21. Nxb4 Qxb4
22. Qd3 Ng4 23. Bd2 Qd6 24. Kh1 Ndf6 25. Bg5 Bxd5 26. Bxd5 Rxc1 27. Bxf7+ Kxf7
28. Nxc1 Qxd3 29. Nxd3 Rb8 30. h3 e4 31. Nc5 Rb5 32. b4 Ne5 33. Bxf6 gxf6 34.
Nxe4 Rxb4 35. Nc5 Rb5 36. Nxa6 Rxa5 37. Nc7 Nc4 38. Rf4 Ne3 39. g4 Nd5 40. Rc4
Nxc7 41. Rxc7+ Kg8 42. Kg2 h5 43. Kf3 hxg4+ 44. Kxg4 Ra3 45. h4 Ra1 46. Kh5 Rg1
47. Kh6 Rg4 48. Ra7 Rg1 49. Rb7 1/2-1/2

[Event "Bundesliga 0102"]
[Site "Deutschland"]
[Date "2002.02.24"]
[Round "9.4"]
[White "Kveinys, Aloyzas"]
[Black "Brynell, Stellan"]
[Result "0-1"]
[WhiteElo "2535"]
[BlackElo "2486"]
[PlyCount "54"]
[EventDate "2001.10.06"]
[EventType "team"]
[EventRounds "15"]
[EventCountry "GER"]
[SourceTitle "Bundesliga 0102"]
[Source "DeepChess"]
[SourceDate "2005.01.01"]
[SourceVersion "1"]
[SourceVersionDate "2005.01.01"]
[SourceQuality "1"]
[WhiteTeam "Godesberger SK 1929"]
[BlackTeam "SF Neukoelln 03 e.V."]
[WhiteTeamCountry "GER"]
[BlackTeamCountry "GER"]

1. e4 e6 2. d4 d5 3. Nd2 c5 4. Ngf3 Nf6 5. exd5 exd5 6. Bb5+ Bd7 7. Bxd7+ Nbxd7
8. O-O Be7 9. dxc5 Nxc5 10. Nb3 Nce4 11. Nbd4 Qd7 12. Bf4 O-O 13. Ne5 Qc8 14.
Nd3 a6 15. Qf3 Re8 16. Rad1 Qc4 17. Nf5 Qxa2 18. Be5 Qa4 19. Nxg7 Kxg7 20. Nf4
Kf8 21. Qh3 Qd7 22. Qh6+ Kg8 23. Nxd5 Qf5 24. Bd4 Qxd5 25. Bxf6 Bf8 26. Qh4 Qf5
27. Bd4 Rad8 0-1

[Event "Bundesliga 0102"]
[Site "Deutschland"]
[Date "2002.02.24"]
[Round "9.5"]
[White "Borriss, Martin"]
[Black "Langheinrich, Ferenc"]
[Result "1/2-1/2"]
[WhiteElo "2445"]
[BlackElo "2398"]
[PlyCount "46"]
[EventDate "2001.10.06"]
[EventType "team"]
[EventRounds "15"]
[EventCountry "GER"]
[SourceTitle "Bundesliga 0102"]
[Source "DeepChess"]
[SourceDate "2005.01.01"]
[SourceVersion "1"]
[SourceVersionDate "2005.01.01"]
[SourceQuality "1"]
[WhiteTeam "SF Neukoelln 03 e.V."]
[BlackTeam "Godesberger SK 1929"]
[WhiteTeamCountry "GER"]
[BlackTeamCountry "GER"]

1. e4 c5 2. Nf3 d6 3. d4 cxd4 4. Nxd4 Nf6 5. Nc3 Nc6 6. Bg5 e6 7. Qd2 a6 8.
O-O-O Bd7 9. f4 h6 10. Bh4 g5 11. fxg5 Ng4 12. Nxc6 Bxc6 13. Kb1 Ne5 14. Bd3
Be7 15. Bf2 hxg5 16. Bd4 b5 17. Qf2 Qc7 18. h3 Qb7 19. Qe3 Rh4 20. g3 Rh7 21.
h4 Nxd3 22. cxd3 e5 23. Bb6 Rb8 1/2-1/2

[Event "Bundesliga 0102"]
[Site "Deutschland"]
[Date "2002.02.24"]
[Round "9.6"]
[White "Breder, Dennis"]
[Black "Polzin, Rainer"]
[Result "0-1"]
[WhiteElo "2411"]
[BlackElo "2469"]
[PlyCount "100"]
[EventDate "2001.10.06"]
[EventType "team"]
[EventRounds "15"]
[EventCountry "GER"]
[SourceTitle "Bundesliga 0102"]
[Source "DeepChess"]
[SourceDate "2005.01.01"]
[SourceVersion "1"]
[SourceVersionDate "2005.01.01"]
[SourceQuality "1"]
[WhiteTeam "Godesberger SK 1929"]
[BlackTeam "SF Neukoelln 03 e.V."]
[WhiteTeamCountry "GER"]
[BlackTeamCountry "GER"]

1. e4 c5 2. Nf3 d6 3. d4 cxd4 4. Nxd4 Nf6 5. Nc3 g6 6. Be3 Bg7 7. f3 O-O 8. Qd2
Nc6 9. g4 Be6 10. Nxe6 fxe6 11. O-O-O Ne5 12. Be2 Rc8 13. Nb5 Qd7 14. Nd4 Nc4
15. Bxc4 Rxc4 16. Kb1 Rfc8 17. c3 b5 18. h4 a5 19. h5 b4 20. cxb4 Rxb4 21. hxg6
hxg6 22. Rc1 Rcb8 23. Rc2 Qa4 24. Nb3 Rxb3 25. axb3 Qxb3 26. Rhc1 Kf7 27. Rc3
Qb5 28. Bd4 Nxe4 29. fxe4 Bxd4 30. R3c2 Bf6 31. Rh1 Ke8 32. g5 Be5 33. Qe2 Qb3
34. Rf1 a4 35. Rf3 Qb4 36. Ka2 Kd7 37. Ra3 Rb5 38. Qd3 Bxb2 39. Qxb5+ Qxb5 40.
Rxb2 Qc4+ 41. Ka1 Qxe4 42. Ka2 Qc4+ 43. Ka1 e5 44. Kb1 e4 45. Rc2 Qb4+ 46. Ka2
d5 47. Rac3 Qd6 48. Rc8 d4 49. Rh8 d3 50. Rcc8 d2 0-1

[Event "Bundesliga 0102"]
[Site "Deutschland"]
[Date "2002.02.24"]
[Round "9.7"]
[White "Poldauf, Dirk"]
[Black "Jackelen, Thomas"]
[Result "0-1"]
[WhiteElo "2403"]
[BlackElo "2392"]
[PlyCount "166"]
[EventDate "2001.10.06"]
[EventType "team"]
[EventRounds "15"]
[EventCountry "GER"]
[SourceTitle "Bundesliga 0102"]
[Source "DeepChess"]
[SourceDate "2005.01.01"]
[SourceVersion "1"]
[SourceVersionDate "2005.01.01"]
[SourceQuality "1"]
[WhiteTeam "SF Neukoelln 03 e.V."]
[BlackTeam "Godesberger SK 1929"]
[WhiteTeamCountry "GER"]
[BlackTeamCountry "GER"]

1. c4 b6 2. Nc3 Bb7 3. e4 e6 4. Nge2 Nf6 5. d3 c5 6. g3 d5 7. exd5 exd5 8. Bg2
Qd7 9. O-O d4 10. Ne4 Nxe4 11. dxe4 Bd6 12. Bd2 O-O 13. Nc1 f5 14. Re1 Qe6 15.
Nd3 Re8 16. f3 fxe4 17. fxe4 Nd7 18. Bf4 Bxf4 19. gxf4 Qg6 20. Qf3 Re7 21. Qg3
Qf7 22. e5 Bxg2 23. Qxg2 Rae8 24. Qd5 Re6 25. Kh1 Nf8 26. Qe4 Rh6 27. Rac1 g6
28. b4 Ne6 29. bxc5 bxc5 30. Rb1 Rh3 31. Rb7 Re7 32. Rxe7 Qxe7 33. f5 gxf5 34.
Qg2+ Ng5 35. Nf4 Rh4 36. Nd5 Qg7 37. Nf6+ Kf7 38. Qd5+ Kg6 39. Qc6 Qf7 40. Nd7+
Kg7 41. Nxc5 d3 42. Rg1 Rxh2+ 43. Kxh2 Qh5+ 44. Kg2 Qg4+ 45. Kf2 Qe2+ 46. Kg3
Qg4+ 47. Kf2 Nh3+ 48. Ke3 Qxg1+ 49. Kxd3 Nf4+ 50. Kc3 Qe1+ 51. Kb3 Qe3+ 52. Ka4
Qxe5 53. Qd7+ Kg6 54. Qxa7 h5 55. Nd7 Qd6 56. c5 Qd4+ 57. Kb5 h4 58. Nf8+ Kg5
59. Qe7+ Kg4 60. c6 Qd3+ 61. Ka5 Qc3+ 62. Kb5 h3 63. Nd7 h2 64. Ne5+ Kh3 65.
Qh7+ Kg2 66. Qg7+ Kf1 67. Qh8 Kg1 68. Qg7+ Ng2 69. c7 h1=Q 70. Nf3+ Qxf3 71.
c8=Q Qd5+ 72. Kb6 Qd6+ 73. Kb5 Qh3 74. Qc1+ Kh2 75. Qc4 Qb8+ 76. Ka4 Qh5 77.
Qd7 f4 78. Qd2 Qhe8+ 79. Ka3 Qe7+ 80. Ka4 Qea7+ 81. Qa5 Qe8+ 82. Qcb5 Qxb5+ 83.
Kxb5 Qxa5+ 0-1

[Event "Bundesliga 0102"]
[Site "Deutschland"]
[Date "2002.02.24"]
[Round "9.8"]
[White "Seger, Ruediger"]
[Black "Thiede, Lars"]
[Result "1/2-1/2"]
[WhiteElo "2400"]
[BlackElo "2410"]
[PlyCount "51"]
[EventDate "2001.10.06"]
[EventType "team"]
[EventRounds "15"]
[EventCountry "GER"]
[SourceTitle "Bundesliga 0102"]
[Source "DeepChess"]
[SourceDate "2005.01.01"]
[SourceVersion "1"]
[SourceVersionDate "2005.01.01"]
[SourceQuality "1"]
[WhiteTeam "Godesberger SK 1929"]
[BlackTeam "SF Neukoelln 03 e.V."]
[WhiteTeamCountry "GER"]
[BlackTeamCountry "GER"]

1. e4 g6 2. d4 Bg7 3. Nf3 d6 4. c3 Nf6 5. Bd3 O-O 6. O-O Nc6 7. h3 e5 8. Re1
Nh5 9. Bg5 Qe8 10. dxe5 dxe5 11. Nbd2 h6 12. Be3 Qe7 13. Bf1 b6 14. a4 Rd8 15.
Qc2 a5 16. Rad1 Qf6 17. g3 Kh7 18. Nh2 Be6 19. Nc4 Qe7 20. Ng4 Rxd1 21. Rxd1
Rd8 22. Bc1 Rxd1 23. Qxd1 Nf6 24. Nxf6+ Qxf6 25. Ne3 h5 26. h4 1/2-1/2

[Event "Bundesliga 0102"]
[Site "Deutschland"]
[Date "2002.02.24"]
[Round "9.2"]
[White "Epishin, Vladimir"]
[Black "Bischoff, Klaus"]
[Result "1-0"]
[WhiteElo "2583"]
[BlackElo "2541"]
[PlyCount "55"]
[EventDate "2001.10.06"]
[EventType "team"]
[EventRounds "15"]
[EventCountry "GER"]
[SourceTitle "Bundesliga 0102"]
[Source "DeepChess"]
[SourceDate "2005.01.01"]
[SourceVersion "1"]
[SourceVersionDate "2005.01.01"]
[SourceQuality "1"]
[WhiteTeam "Luebecker SV von 1873 "]
[BlackTeam "SK Koenig Plauen"]
[WhiteTeamCountry "GER"]
[BlackTeamCountry "GER"]

1. d4 Nf6 2. c4 c5 3. d5 d6 4. Nc3 g6 5. e4 Bg7 6. h3 O-O 7. Nf3 e6 8. Bd3 Na6
9. Bg5 Nc7 10. a4 h6 11. Be3 e5 12. Qd2 h5 13. Ng5 Na6 14. Be2 Nb4 15. O-O Qe7
16. Kh1 Nh7 17. f4 Nxg5 18. fxg5 Bd7 19. Rf3 f5 20. gxf6 Bxf6 21. Bh6 Bh4 22.
Bxf8 Rxf8 23. Qh6 Be8 24. Rxf8+ Qxf8 25. Qxf8+ Kxf8 26. Nb5 Bxb5 27. axb5 a6
28. g4 1-0

[Event "Bundesliga 0102"]
[Site "Deutschland"]
[Date "2002.02.24"]
[Round "9.3"]
[White "Gdanski, Jacek"]
[Black "Hodgson, Julian M"]
[Result "0-1"]
[WhiteElo "2537"]
[BlackElo "2581"]
[PlyCount "150"]
[EventDate "2001.10.06"]
[EventType "team"]
[EventRounds "15"]
[EventCountry "GER"]
[SourceTitle "Bundesliga 0102"]
[Source "DeepChess"]
[SourceDate "2005.01.01"]
[SourceVersion "1"]
[SourceVersionDate "2005.01.01"]
[SourceQuality "1"]
[WhiteTeam "SK Koenig Plauen"]
[BlackTeam "Luebecker SV von 1873 "]
[WhiteTeamCountry "GER"]
[BlackTeamCountry "GER"]

1. e4 d5 2. exd5 Qxd5 3. Nc3 Qa5 4. d4 Nf6 5. Bc4 Bg4 6. f3 Bh5 7. Nge2 Nc6 8.
Bd2 O-O-O 9. Nd5 Qa4 10. Nxf6 gxf6 11. b3 Qa3 12. c3 Qd6 13. Ng3 Bg6 14. Ne4
Qd7 15. O-O f5 16. Nc5 Qd6 17. f4 Nxd4 18. cxd4 Qxd4+ 19. Kh1 Qxc5 20. Qe1 e6
21. Rc1 Qa3 22. Bc3 Rg8 23. Bxe6+ Kb8 24. Bc4 Bc5 25. Rc2 Bh5 26. Qh4 Bd1 27.
Rd2 Rxd2 28. Bxd2 Bc2 29. Bxf7 Rf8 30. Bd5 Qxa2 31. Qh3 Be4 32. Bxe4 fxe4 33.
Qc3 Rd8 34. Be3 Bxe3 35. Qxe3 Qc2 36. Re1 Rd1 37. h3 Qb1 38. Rxd1 Qxd1+ 39. Kh2
Qd3 40. Qc5 b6 41. Qe5 e3 42. f5 a5 43. f6 Qg6 44. Qxe3 Qxf6 45. g4 Qd6+ 46.
Kg2 Qd5+ 47. Kf2 b5 48. Ke2 Kb7 49. g5 a4 50. bxa4 bxa4 51. Qf4 Qb5+ 52. Kd2
Qb2+ 53. Kd1 a3 54. Qe4+ Kb8 55. Qe8+ Ka7 56. Qe3+ Ka6 57. Qd3+ Kb6 58. Qe3+ c5
59. Qe8 Qd4+ 60. Kc2 Qf2+ 61. Kd3 Qd4+ 62. Kc2 Qf2+ 63. Kd3 Qg3+ 64. Kc2 Qg2+
65. Kd1 a2 66. Qd8+ Kb5 67. Qb8+ Kc4 68. Qf4+ Kd5 69. Qf5+ Kd4 70. Qf4+ Kd3 71.
Qd6+ Ke4 72. Qe6+ Kf4 73. Qc4+ Kg3 74. Qg4+ Kh2 75. Qf4+ Kh1 0-1

[Event "Bundesliga 0102"]
[Site "Deutschland"]
[Date "2002.02.24"]
[Round "9.5"]
[White "Kindermann, Stefan"]
[Black "Hansen, Lars Bo"]
[Result "1/2-1/2"]
[WhiteElo "2520"]
[BlackElo "2586"]
[PlyCount "50"]
[EventDate "2001.10.06"]
[EventType "team"]
[EventRounds "15"]
[EventCountry "GER"]
[SourceTitle "Bundesliga 0102"]
[Source "DeepChess"]
[SourceDate "2005.01.01"]
[SourceVersion "1"]
[SourceVersionDate "2005.01.01"]
[SourceQuality "1"]
[WhiteTeam "SK Koenig Plauen"]
[BlackTeam "Luebecker SV von 1873 "]
[WhiteTeamCountry "GER"]
[BlackTeamCountry "GER"]

1. e4 c6 2. d4 d5 3. exd5 cxd5 4. c4 Nf6 5. Nc3 g6 6. Qb3 Bg7 7. cxd5 O-O 8.
Be2 b6 9. Bf3 Bb7 10. Nge2 Qd7 11. O-O Rd8 12. Nf4 Na6 13. Re1 Rab8 14. h3 Nc7
15. Qa3 Bf8 16. Qxa7 Ba6 17. d6 Qxd6 18. Nfd5 Nfxd5 19. Nxd5 Nxd5 20. Qxa6 Nb4
21. Qe2 Rbc8 22. Be4 Qxd4 23. Bg5 Nd3 24. Bxd3 Qxd3 25. Bxe7 Qxe2 1/2-1/2